Ukraine History Quiz 2025 - Statistics

General Stats
  • This quiz has been taken 23 times
  • The average score is 9 of 15
Answer Stats
Hint Answer % Correct
Former Part of USSR
100%
Independent Since 1991
95%
Main Enemy Russia
95%
Capital Kyiv
89%
Main Language Ukrainian
89%
Current President Volodymyr Zelenskyy
89%
Number of Presidents 6
79%
Number of Oblasts (prewar) 24
74%
Global Firepower Rating (out of 145) 20
68%
Main Ally Poland
58%
Form of Government Democracy
32%
Main Religion Orthodox Christianity
21%
Main Export (prewar) Corn
11%
Currency Ukrainian hryvnia
5%
Number of Political Parties 370
0%
No matching quizzes found
Score Distribution
Percent of People with Each Score
Percentile by Number Answered
Your Score History
You have not taken this quiz